Statistics for Noah Kahan - Your Needs, My Needs Lyrics

Click here to take the quiz!

General Stats

  • This quiz has been taken 33 times
    (24 since last reset)
  • The average score is 173 of 181

Answer Stats

Answer% Correct
a
100%
change
100%
dreams
100%
I
100%
in
100%
me
100%
my
100%
My
100%
needs
100%
of
100%
Oh
100%
Subtle
100%
the
100%
The
100%
was
100%
Who
100%
who
100%
you
100%
You
100%
Your
100%
your
100%
Zoloft
100%
ain't
95%
am
95%
And
95%
and
95%
art
95%
Bitter
95%
brained
95%
dead
95%
Dead
95%
dogs
95%
eyed
95%
friend
95%
ghost
95%
gotta
95%
Howlin'
95%
I'm
95%
light
95%
like
95%
moon
95%
on
95%
out
95%
outlines
95%
part
95%
Rail
95%
see
95%
See
95%
tell
95%
that
95%
That's
95%
there
95%
thin
95%
to
95%
To
95%
try
95%
watch
95%
well
95%
were
95%
what
95%
wilt?
95%
work
95%
132
90%
after
90%
all
90%
always
90%
asked
90%
be
90%
breath
90%
county
90%
Cross
90%
days
90%
drunk
90%
float
90%
flower
90%
game
90%
hardest
90%
Holdin'
90%
it
90%
It
90%
it's
90%
life
90%
line
90%
losing
90%
means
90%
naming
90%
our
90%
pain
90%
promise
90%
same
90%
sayin'
90%
shorter
90%
skin
90%
sky
90%
Spiral
90%
spiral
90%
stars
90%
this
90%
time
90%
touch
90%
Trace
90%
waiting
90%
wasn't
90%
weight
90%
why
90%
word
90%
You'll
90%
mind
81%
Alright?
76%
Mm
71%

Score Distribution

Percentile by Number Answered

Percent of People with Each Score

Your Score History

You have not taken this quiz since the last reset